<?xml version="1.0" encoding="UTF-8"?>
<record
    xmlns:xsi="http://www.w3.org/2001/XMLSchema-instance"
    xsi:schemaLocation="http://www.loc.gov/MARC21/slim http://www.loc.gov/standards/marcxml/schema/MARC21slim.xsd"
    xmlns="http://www.loc.gov/MARC21/slim">

  <leader>01474nam2a2200265   4500</leader>
  <controlfield tag="001">RU\NLR\BIBL_A\011133088</controlfield>
  <controlfield tag="005">20250625210021.0</controlfield>
  <datafield tag="010" ind1=" " ind2=" ">
    <subfield code="a">978-5-89476-412-2</subfield>
    <subfield code="9">950</subfield>
  </datafield>
  <datafield tag="021" ind1=" " ind2=" ">
    <subfield code="a">RU</subfield>
    <subfield code="b">2016-35886</subfield>
    <subfield code="9">2304</subfield>
  </datafield>
  <datafield tag="035" ind1=" " ind2=" ">
    <subfield code="a">(NLR Aleph) 011133088</subfield>
  </datafield>
  <datafield tag="090" ind1=" " ind2=" ">
    <subfield code="a">11579045</subfield>
    <subfield code="c">11579045</subfield>
  </datafield>
  <datafield tag="100" ind1=" " ind2=" ">
    <subfield code="a">20160520d2015    |||y0rusy50      ca</subfield>
  </datafield>
  <datafield tag="101" ind1="0" ind2=" ">
    <subfield code="a">rus</subfield>
  </datafield>
  <datafield tag="102" ind1=" " ind2=" ">
    <subfield code="a">RU</subfield>
  </datafield>
  <datafield tag="105" ind1=" " ind2=" ">
    <subfield code="a">y   i   001yy</subfield>
  </datafield>
  <datafield tag="200" ind1="0" ind2=" ">
    <subfield code="a">2015</subfield>
    <subfield code="f">&#x424;&#x435;&#x434;&#x435;&#x440;. &#x441;&#x43B;&#x443;&#x436;&#x431;&#x430; &#x433;&#x43E;&#x441;. &#x441;&#x442;&#x430;&#x442;&#x438;&#x441;&#x442;&#x438;&#x43A;&#x438; (&#x420;&#x43E;&#x441;&#x441;&#x442;&#x430;&#x442;)</subfield>
    <subfield code="g">[&#x440;&#x435;&#x434;&#x43A;&#x43E;&#x43B;.: &#x410;. &#x415;. &#x421;&#x443;&#x440;&#x438;&#x43D;&#x43E;&#x432; (&#x43F;&#x440;&#x435;&#x434;.) &#x438; &#x434;&#x440;.]</subfield>
  </datafield>
  <datafield tag="210" ind1=" " ind2=" ">
    <subfield code="a">&#x41C;&#x43E;&#x441;&#x43A;&#x432;&#x430;</subfield>
    <subfield code="c">&#x421;&#x442;&#x430;&#x442;&#x438;&#x441;&#x442;&#x438;&#x43A;&#x430; &#x420;&#x43E;&#x441;&#x441;&#x438;&#x438;</subfield>
    <subfield code="d">2015</subfield>
  </datafield>
  <datafield tag="215" ind1=" " ind2=" ">
    <subfield code="a">725 &#x441;.</subfield>
    <subfield code="e">1 &#x44D;&#x43B;&#x435;&#x43A;&#x442;&#x440;&#x43E;&#x43D;. &#x43E;&#x43F;&#x442;. &#x434;&#x438;&#x441;&#x43A; (CD-ROM)</subfield>
  </datafield>
  <datafield tag="320" ind1=" " ind2=" ">
    <subfield code="a">&#x41F;&#x440;&#x435;&#x434;&#x43C;.-&#x430;&#x43B;&#x444;. &#x443;&#x43A;&#x430;&#x437;.: &#x441;. 716-723</subfield>
  </datafield>
  <datafield tag="461" ind1=" " ind2="0">
    <subfield code="1">001RU\NLR\bibl\235254</subfield>
    <subfield code="1">2001#$a&#x420;&#x43E;&#x441;&#x441;&#x438;&#x439;&#x441;&#x43A;&#x438;&#x439; &#x441;&#x442;&#x430;&#x442;&#x438;&#x441;&#x442;&#x438;&#x447;&#x435;&#x441;&#x43A;&#x438;&#x439; &#x435;&#x436;&#x435;&#x433;&#x43E;&#x434;&#x43D;&#x438;&#x43A;$e&#x421;&#x442;&#x430;&#x442;. &#x441;&#x431;.$f&#x413;&#x43E;&#x441;. &#x43A;&#x43E;&#x43C;. &#x420;&#x43E;&#x441;. &#x424;&#x435;&#x434;&#x435;&#x440;&#x430;&#x446;&#x438;&#x438; &#x43F;&#x43E; &#x441;&#x442;&#x430;&#x442;&#x438;&#x441;&#x442;&#x438;&#x43A;&#x435; (&#x413;&#x43E;&#x441;&#x43A;&#x43E;&#x43C;&#x441;&#x442;&#x430;&#x442; &#x420;&#x43E;&#x441;&#x441;&#x438;&#x438;)$v2015</subfield>
    <subfield code="9">1345465</subfield>
    <subfield code="c">&#x41C;.</subfield>
    <subfield code="d">2001</subfield>
    <subfield code="e">[&#x41E;&#x444;&#x438;&#x446;. &#x438;&#x437;&#x434;.]</subfield>
    <subfield code="f">&#x413;&#x43E;&#x441;. &#x43A;&#x43E;&#x43C;. &#x420;&#x43E;&#x441;. &#x424;&#x435;&#x434;&#x435;&#x440;&#x430;&#x446;&#x438;&#x438; &#x43F;&#x43E; &#x441;&#x442;&#x430;&#x442;&#x438;&#x441;&#x442;&#x438;&#x43A;&#x435; (&#x413;&#x43E;&#x441;&#x43A;&#x43E;&#x43C;&#x441;&#x442;&#x430;&#x442; &#x420;&#x43E;&#x441;&#x441;&#x438;&#x438;)</subfield>
    <subfield code="l">Russian statistical yearbook</subfield>
    <subfield code="n">&#x413;&#x43E;&#x441;&#x43A;&#x43E;&#x43C;&#x441;&#x442;&#x430;&#x442; &#x420;&#x43E;&#x441;&#x441;&#x438;&#x438;</subfield>
    <subfield code="o">&#x421;&#x442;&#x430;&#x442;. &#x441;&#x431;.</subfield>
    <subfield code="t">&#x420;&#x43E;&#x441;&#x441;&#x438;&#x439;&#x441;&#x43A;&#x438;&#x439; &#x441;&#x442;&#x430;&#x442;&#x438;&#x441;&#x442;&#x438;&#x447;&#x435;&#x441;&#x43A;&#x438;&#x439; &#x435;&#x436;&#x435;&#x433;&#x43E;&#x434;&#x43D;&#x438;&#x43A;</subfield>
    <subfield code="v">2015</subfield>
  </datafield>
  <datafield tag="702" ind1=" " ind2="1">
    <subfield code="a">&#x421;&#x443;&#x440;&#x438;&#x43D;&#x43E;&#x432;</subfield>
    <subfield code="b">&#x410;. &#x415;.</subfield>
    <subfield code="f">1958-</subfield>
    <subfield code="g">&#x410;&#x43B;&#x435;&#x43A;&#x441;&#x430;&#x43D;&#x434;&#x440; &#x415;&#x432;&#x433;&#x435;&#x43D;&#x44C;&#x435;&#x432;&#x438;&#x447;</subfield>
    <subfield code="4">340</subfield>
  </datafield>
  <datafield tag="942" ind1=" " ind2=" ">
    <subfield code="c">BOOK</subfield>
  </datafield>
  <datafield tag="980" ind1=" " ind2=" ">
    <subfield code="a">NB</subfield>
  </datafield>
  <datafield tag="995" ind1=" " ind2=" ">
    <subfield code="5">2016-05-20</subfield>
    <subfield code="a">ad</subfield>
    <subfield code="b">NLR01</subfield>
    <subfield code="c">NLR01</subfield>
    <subfield code="e">RF8</subfield>
    <subfield code="f">1-1324478</subfield>
    <subfield code="k">2002-9/40</subfield>
    <subfield code="o">0</subfield>
    <subfield code="r">BOOK</subfield>
    <subfield code="s">2002940_</subfield>
  </datafield>
  <datafield tag="995" ind1=" " ind2=" ">
    <subfield code="5">2016-05-20</subfield>
    <subfield code="a">ad</subfield>
    <subfield code="b">NLR01</subfield>
    <subfield code="c">NLR01</subfield>
    <subfield code="e">RF8</subfield>
    <subfield code="f">1-1324482</subfield>
    <subfield code="k">2002-9/40</subfield>
    <subfield code="o">0</subfield>
    <subfield code="r">BOOK</subfield>
    <subfield code="s">2002940_</subfield>
  </datafield>
</record>
